First university/college accredited in each us state Quiz Stats

 Plays Quiz not verified by Sporcle

Score 0/52 Timer 07:00
0 Plays Today
State University/College % Correct
AlabamaUniversity of Alabama
80%
ArizonaUniversity of Arizona
65%
DelawareUniversity of Delaware
45%
FloridaUniversity of Florida
30%
AlaskaUniversity of Alaska Fairbanks
25%
IdahoUniversity of Idaho
25%
North CarolinaDuke University
20%
WisconsinUniversity of Wyoming
20%
North DakotaUniversity of North Dakota
15%
Rhode IslandBrown University
15%
South Dakota University of South Dakota
15%
District of ColumbiaGeorgetown University
10%
IowaCoe College
10%
OhioOhio University
10%
Puerto RicoJohn Dewey College University Division
5%
ArkansasHendrix College
5%
CaliforniaBrooks College
5%
ColoradoUniversity of Colorado at Boulder
5%
ConnecticutTrinity College
5%
GeorgiaAgnes Scott College
5%
HawaiiHawaii Theological Seminary
5%
IllinoisAugustana College
5%
IndianaIndiana University Bloomington
5%
KansasBaker University
5%
KentuckyCentre College
5%
LouisianaTulane University of Louisiana
5%
State University/College % Correct
MaineColby College
5%
MarylandGoucher College
5%
MassachusettsAmherst College
5%
MichiganUniversity of Michigan Ann Arbor
5%
MinnesotaCarleton College
5%
MississippiUniversity of Mississippi Main Campus
5%
MissouriMissouri University of Science and Technology
5%
MontanaMontana State University
5%
NebraskaDoane College
5%
NevadaUniversity of Southern Nevada
5%
New HampshireUniversity System of New Hampshire System Office
5%
New JerseyCollege of Saint Elizabeth
5%
New MexicoUniversity of New Mexico Main Campus
5%
New YorkAdelphi University
5%
OklahomaUniversity of Oklahoma Norman Campus
5%
OregonGutenberg College
5%
PennsylvaniaNorth Central Industrial Technical Education
5%
South CarolinaConverse College
5%
TennesseeVanderbilt University
5%
TexasThe University of Texas at Austin
5%
UtahBrigham Young University
5%
VermontMiddlebury College
5%
VirginiaWashington and Lee University
5%
WashingtonUniversity of Washington Bothell Campus
5%
West VirginiaBethany College
5%
WyomingBeloit College
5%

You're not logged in!

Compare scores with friends on all Sporcle quizzes.
OR
Log In

You Might Also Like...

Show Comments

Extras

Top Quizzes Today


Score Distribution

Your Account Isn't Verified!

In order to create a playlist on Sporcle, you need to verify the email address you used during registration. Go to your Sporcle Settings to finish the process.

Report this User

Report this user for behavior that violates our Community Guidelines.

Details: